| 000 | 00491nam a2200169 i 4500 | ||
|---|---|---|---|
| 001 | 98701 | ||
| 003 | ES-MaACL | ||
| 005 | 20250830103942.0 | ||
| 007 | t| | ||
| 008 | 051020s1960 sp ||||1| spa d | ||
| 245 | 0 | 3 | _aLa elección del Presidente de los Estados Unidos. |
| 260 |
_aMadrid : _bEmbajada de los Estados Unidos, _c[1960] |
||
| 300 |
_a44 p. : _bil. ; _c16 cm. |
||
| 710 | 1 |
_aEstados Unidos. _bEmbassy (España) _94025 |
|
| 852 |
_aES-MaACL _j2024-F-9 |
||
| 999 |
_c98701 _d98701 |
||